MARC

LEADER 00000nam0a2200000 4500
001 288209
005 20231102000050.0
035 |a (RuTPU)RU\TPU\book\312664 
090 |a 288209 
100 |a 20150323d1972 k y0rusy50 ca 
101 0 |a rus 
102 |a RU 
105 |a a z 001zy 
200 1 |a Гидрогеология нефтяных и газовых месторождений Центрального и Восточного Предкавказья  |f Северо-Кавказский государственный научно-исследовательский и проектный институт нефтяной промышленности (СевКавНИПИнефть) ; под ред. А. М. Никанорова ; М. В. Мирошникова 
210 |a Москва  |c Недра  |d 1972 
215 |a 280 с.  |c ил. 
225 1 |a Труды  |v Вып. 17 
320 |a Библиогр.: с. 272-278. 
606 1 |a Нефтегазовая гидрогеология  |2 stltpush  |3 (RuTPU)RU\TPU\subj\68613  |9 83820 
610 1 |a Предкавказье 
610 1 |a гидрогеологическая изученность 
610 1 |a палеогидрогеология 
610 1 |a палеогеотермия 
610 1 |a подземные воды 
610 1 |a микроэлементы 
610 1 |a органическое вещество 
610 1 |a горные породы 
610 1 |a газовый состав 
610 1 |a мезозойские отложения 
610 1 |a нефтегазоносность 
675 |a 553.98:556.3  |v 3 
702 1 |a Никаноров  |b А. М.  |g Анатолий Максимович  |4 340 
702 1 |a Мирошников  |b М. В.  |g Михаил Васильевич  |4 340 
712 0 2 |a Северо-Кавказский государственный научно-исследовательский и проектный институт нефтяной промышленности (СевКавНИПИнефть)  |2 stltpush  |3 (RuTPU)RU\TPU\col\12442 
801 1 |a RU  |b 63413507  |c 20150323 
801 2 |a RU  |b 63413507  |c 20150930  |g RCR 
942 |c BK